The fast track career: (Record no. 8577)

MARC details
000 -LEADER
fixed length control field 00661 a2200193 4500
010 ## - LCCN (DPL NO)
LC control number ENG-88508
020 ## - INTERNATIONAL STANDARD BOOK NUMBER
International Standard Book Number 8190080237
Terms of availability 190.00
035 ## - SYSTEM CONTROL NUMBER
System control number EN-72041
037 ## - SOURCE OF ACQUISITION
Source of stock number/acquisition DBAD / PUB
082 14 - DEWEY DECIMAL CLASSIFICATION NUMBER
Classification number 370.113
100 ## - MAIN ENTRY--PERSONAL NAME
Personal name Nadkarni, S.S.
245 1# - TITLE STATEMENT
Title The fast track career:
Statement of responsibility, etc by S.S. Nadkarni; illustrations by S.D. Phadnis
Remainder of title the medical representative/
250 ## - EDITION STATEMENT
Edition statement 4th ed
260 ## - PUBLICATION, DISTRIBUTION, ETC. (IMPRINT)
Place of publication, distribution, etc Mumbai
Name of publisher, distributor, etc Vikas Medical Book House
Date of publication, distribution, etc 2007
270 ## - ADDRESS
Address R-2, Dalal Estate, Near Mumbai Central Railway Bridge, Belasis Road,
City Mumbai
Postal code 400 008
300 ## - PHYSICAL DESCRIPTION
Extent xxvii, 349p.
Dimensions 22cm (pbk)
Other physical details ill.
500 ## - GENERAL NOTE
General note Includes index
942 ## - ADDED ENTRY ELEMENTS (KOHA)
Institution code [OBSOLETE] dpl
Item type English Books
Source of classification or shelving scheme Dewey Decimal Classification
Classification part 370.113
Call number suffix NAD
Holdings
Withdrawn status Lost status Not for loan Collection code Home library Current library Source of acquisition Cost, normal purchase price Full call number Barcode Copy number Cost, replacement price Koha item type
    Not For Loan Non-fiction D.B.Act.Division D.B.Act.Division DBAD/PUB 190.00 370.113 NAD EN-72041 1 190.00 English Books

© Delhi Public Library
Hit Counter
free hit counter